[Event "BCF-chT3W 2223 (4NCL)"]
[Site "England"]
[Date "2023.05.01"]
[Round "11.46"]
[White "Cox, Lucian"]
[Black "Neatherway, A Philip"]
[Result "0-1"]
[WhiteElo "1604"]
[BlackElo "1797"]
[PlyCount "108"]
[EventDate "2022.10.22"]
[EventType "team-tourn"]
[EventRounds "11"]
[EventCountry "ENG"]
[SourceTitle "EXT 2024"]
[Source "ChessBase"]
[SourceDate "2023.10.10"]
[SourceVersion "1"]
[SourceVersionDate "2023.10.10"]
[SourceQuality "1"]
[WhiteTeam "MK Phoenix II"]
[BlackTeam "Oxford II"]
[WhiteTeamCountry "ENG"]
[BlackTeamCountry "ENG"]

1. e4 d5 2. exd5 Qxd5 3. Nc3 Qa5 4. d4 Nf6 5. Bd2 c6 6. Bc4 Bf5 7. Nd5 Qd8 8. Nxf6+ exf6 9. Nf3 Be7 10. 0-0 0-0 11. Bf4 Nd7 12. Re1 Nb6 13. Bb3 Nd5 14. Bxd5 cxd5 15. Qe2 Bd6 16. Bxd6 Qxd6 17. Qb5 Bd7 18. Qb3 b6 19. c4 Bc6 20. cxd5 Bxd5 21. Qd3 Rfe8 22. Nd2 Qc6 23. f3 Rac8 24. g3 g6 25. Rac1 Rxe1+ 26. Rxe1 Qc2 27. Qxc2 Rxc2 28. Ne4 Bxe4 29. fxe4 Rxb2 30. d5 Kf8 31. e5 fxe5 32. Rxe5 Rd2 33. Kf1 Rxh2 34. Ke1 Rh5 35. Re4 Rxd5 36. Rc4 Rd3 37. g4 Ra3 38. Rc2 b5 39. g5 Kg7 40. Kd1 h6 41. gxh6+ Kxh6 42. Kc1 f5 43. Kb2 Ra4 44. Kb3 f4 45. Rc5 a6 46. Rc8 g5 47. Rh8+ Kg6 48. Rg8+ Kf5 49. a3 f3 50. Rf8+ Kg4 51. Kc2 Rf4 52. Rxf4+ Kxf4 53. Kd2 a5 54. Ke1 b4 0-1

[Event "BCF-chT4 2223 (4NCL)"]
[Site "England"]
[Date "2023.01.07"]
[Round "3.15"]
[White "Neatherway, A Philip"]
[Black "Zhu, Yaoyao"]
[Result "0-1"]
[WhiteElo "1825"]
[BlackElo "2056"]
[PlyCount "66"]
[EventDate "2022.11.05"]
[EventType "team-swiss"]
[EventRounds "11"]
[EventCountry "ENG"]
[SourceTitle "EXT 2024"]
[Source "ChessBase"]
[SourceDate "2023.10.10"]
[SourceVersion "1"]
[SourceVersionDate "2023.10.10"]
[SourceQuality "1"]
[WhiteTeam "Oxford III"]
[BlackTeam "Average Wood Pushers"]
[WhiteTeamCountry "ENG"]
[BlackTeamCountry "ENG"]

1. e4 e5 2. Nf3 Nc6 3. d4 exd4 4. Nxd4 Nf6 5. Nc3 Bb4 6. Nxc6 bxc6 7. Bd3 d5 8. exd5 0-0 9. 0-0 cxd5 10. Bg5 c6 11. Ne2 h6 12. Bh4 Be7 13. c4 Qb6 14. Qc2 Be6 15. b3 Rfd8 16. Nc3 dxc4 17. Bxc4 Bxc4 18. bxc4 Qd4 19. Bg3 Qxc4 20. Qb3 Qxb3 21. axb3 Rd3 22. Rfc1 Bb4 23. Na4 Rad8 24. f3 Rxb3 25. Rxc6 a5 26. Rac1 Ra3 27. Nb6 Ra2 28. R6c2 Rd2 29. Rxa2 Rxa2 30. Be5 Bd2 31. Rb1 Be3+ 32. Kh1 Bxb6 33. Rxb6 Nd7 0-1

[Event "BCF-chT4 2223 (4NCL)"]
[Site "England"]
[Date "2022.11.05"]
[Round "1.64"]
[White "Neatherway, A Philip"]
[Black "Kumar, Achintya"]
[Result "1-0"]
[WhiteElo "1825"]
[BlackElo "1034"]
[PlyCount "51"]
[EventDate "2022.11.05"]
[EventType "team-swiss"]
[EventRounds "11"]
[EventCountry "ENG"]
[SourceTitle "EXT 2024"]
[Source "ChessBase"]
[SourceDate "2023.10.10"]
[SourceVersion "1"]
[SourceVersionDate "2023.10.10"]
[SourceQuality "1"]
[WhiteTeam "Oxford III"]
[BlackTeam "Cambridge University II"]
[WhiteTeamCountry "ENG"]
[BlackTeamCountry "ENG"]

1. e4 e5 2. Nf3 Nc6 3. Bb5 Nf6 4. Nc3 Bc5 5. d3 Nd4 6. Ba4 Nxf3+ 7. Qxf3 0-0 8. Bg5 h6 9. Bh4 Be7 10. 0-0-0 d6 11. h3 a6 12. Bb3 Be6 13. Bxe6 fxe6 14. Qe2 b5 15. Bxf6 Bxf6 16. Qg4 Qe8 17. h4 a5 18. Qh3 b4 19. Ne2 Qa4 20. Qxe6+ Kh8 21. g4 Rae8 22. Qc4 c5 23. g5 Bd8 24. Rdf1 Rf3 25. Ng3 b3 26. Qxa4 1-0

[Event "Daventry 4NCL Easter op-B 2nd"]
[Site "Daventry"]
[Date "2022.04.16"]
[Round "3"]
[White "Ashcroft, Graham J"]
[Black "Neatherway, A Philip"]
[Result "1/2-1/2"]
[WhiteElo "1982"]
[BlackElo "1823"]
[PlyCount "83"]
[EventDate "2022.04.15"]
[EventType "swiss"]
[EventRounds "7"]
[EventCountry "ENG"]
[SourceTitle "CBM 207 Extra"]
[Source "ChessBase"]
[SourceDate "2022.05.31"]
[SourceVersion "1"]
[SourceVersionDate "2022.05.31"]
[SourceQuality "1"]

1. c4 e5 2. g3 d6 3. Bg2 f5 4. Nc3 Nf6 5. d3 Be7 6. e4 0-0 7. Nge2 fxe4 8. dxe4 c6 9. 0-0 Be6 10. b3 Na6 11. h3 Qc7 12. Be3 Rad8 13. Rc1 Qd7 14. Kh2 d5 15. cxd5 cxd5 16. exd5 Nxd5 17. Nxd5 Bxd5 18. Bxd5+ Qxd5 19. Qxd5+ Rxd5 20. Nc3 Rd3 21. Rfd1 Rfd8 22. Rxd3 Rxd3 23. Ne4 b6 24. Kg2 Kf7 25. Rc3 h6 26. Kf3 Nb4 27. Rc7 Nxa2 28. Rxa7 Nc3 29. Rb7 Nd5 30. Nd6+ Ke6 31. Ne8 Nxe3 32. fxe3 Bc5 33. Nxg7+ Kf6 34. Ne8+ Ke6 35. b4 Rxe3+ 36. Kf2 Bd4 37. Nc7+ Kf5 38. Nb5 Rb3+ 39. Nxd4+ exd4 40. Rxb6 Ke4 41. b5 Rb2+ 42. Ke1 1/2-1/2

[Event "Daventry 4NCL Easter op-B 2nd"]
[Site "Daventry"]
[Date "2022.04.16"]
[Round "2"]
[White "Neatherway, A Philip"]
[Black "Ortiz Sanchez, Luis"]
[Result "1/2-1/2"]
[WhiteElo "1823"]
[BlackElo "1987"]
[PlyCount "61"]
[EventDate "2022.04.15"]
[EventType "swiss"]
[EventRounds "7"]
[EventCountry "ENG"]
[SourceTitle "CBM 207 Extra"]
[Source "ChessBase"]
[SourceDate "2022.05.31"]
[SourceVersion "1"]
[SourceVersionDate "2022.05.31"]
[SourceQuality "1"]

1. e4 c5 2. Nf3 Nc6 3. d4 cxd4 4. Nxd4 g6 5. Nc3 Bg7 6. Be3 Nf6 7. Bc4 0-0 8. Bb3 Re8 9. f3 e6 10. Qd2 d5 11. 0-0-0 dxe4 12. Nxc6 Qxd2+ 13. Rxd2 bxc6 14. Nxe4 Nd5 15. Bg5 Ba6 16. Bxd5 cxd5 17. Nf6+ Bxf6 18. Bxf6 Rac8 19. h4 Rc6 20. Re1 Rec8 21. h5 h6 22. hxg6 fxg6 23. Rh1 h5 24. g4 Rf8 25. Be5 Rxf3 26. gxh5 Rf5 27. Bd4 Rxh5 28. Rxh5 gxh5 29. Rh2 Bd3 30. Bxa7 Bg6 31. Bd4 1/2-1/2

[Event "London Classic op U2050-B 11th"]
[Site "London"]
[Date "2019.12.05"]
[Round "4"]
[White "Fleri, Matthew"]
[Black "Neatherway, A Philip"]
[Result "1-0"]
[WhiteElo "1746"]
[BlackElo "1854"]
[PlyCount "121"]
[EventDate "2019.12.02"]
[EventType "swiss"]
[EventRounds "5"]
[EventCountry "ENG"]
[SourceTitle "CBM 195 Extra"]
[Source "ChessBase"]
[SourceDate "2020.05.31"]
[SourceVersion "1"]
[SourceVersionDate "2020.05.31"]
[SourceQuality "1"]

1. e4 e6 2. d4 d5 3. Nc3 Nf6 4. Bg5 Be7 5. e5 Nfd7 6. h4 Bxg5 7. hxg5 Qxg5 8. Nh3 Qe7 9. Qg4 g6 10. Bd3 Nc6 11. Ng5 h5 12. Qf4 Nb6 13. 0-0-0 Bd7 14. g4 h4 15. Nf3 h3 16. Qg3 g5 17. Rxh3 Rxh3 18. Qxh3 0-0-0 19. Qh6 Rg8 20. Bh7 Rh8 21. Nxg5 Nc4 22. a3 N6a5 23. Qg7 Rf8 24. Bd3 b5 25. b4 Nc6 26. Bxc4 bxc4 27. Nh7 Rd8 28. Qf6 Qxf6 29. Nxf6 Rh8 30. Ne2 Rh2 31. Rf1 Ne7 32. c3 Ba4 33. Kd2 Kd8 34. Ng3 Ng6 35. Ke3 Bc2 36. Rh1 Rxh1 37. Nxh1 Ke7 38. Ng3 Nh4 39. f4 Ng2+ 40. Kf3 Nh4+ 41. Kf2 Bd3 42. Ngh5 Ng6 43. f5 Nf8 44. Ke3 exf5 45. Nxd5+ Kd7 46. gxf5 Bxf5 47. Ndf6+ Kc6 48. d5+ Kb5 49. Kd4 Ng6 50. Ng3 Bd3 51. Ne8 Kb6 52. a4 Kb7 53. Ne4 Bxe4 54. Kxe4 Kc8 55. d6 cxd6 56. Nxd6+ Kd7 57. Nxf7 Ke6 58. Ng5+ Ke7 59. Kd4 Kd7 60. e6+ Kd6 61. Kxc4 1-0

[Event "London Classic op U2050-B 11th"]
[Site "London"]
[Date "2019.12.04"]
[Round "3"]
[White "Neatherway, A Philip"]
[Black "Iyengar, Ilya"]
[Result "0-1"]
[WhiteElo "1854"]
[BlackElo "1982"]
[PlyCount "110"]
[EventDate "2019.12.02"]
[EventType "swiss"]
[EventRounds "5"]
[EventCountry "ENG"]
[SourceTitle "CBM 195 Extra"]
[Source "ChessBase"]
[SourceDate "2020.05.31"]
[SourceVersion "1"]
[SourceVersionDate "2020.05.31"]
[SourceQuality "1"]

1. e4 c5 2. Nf3 e6 3. d4 cxd4 4. Nxd4 Nf6 5. Nc3 d6 6. g4 h6 7. Rg1 Nc6 8. Be3 a6 9. Be2 Qa5 10. Nb3 Qc7 11. Qd2 b5 12. a3 Bb7 13. f3 Rc8 14. h4 Ne5 15. g5 hxg5 16. hxg5 Nfd7 17. f4 Nc4 18. Bxc4 bxc4 19. Nd4 Nc5 20. Qg2 g6 21. Rh1 Rxh1+ 22. Qxh1 Qb8 23. Nde2 Bg7 24. Rd1 Ke7 25. Bd4 Bxd4 26. Rxd4 Rh8 27. Qg2 Bc6 28. Rxc4 Qxb2 29. Kd2 Qxa3 30. Nd4 Ba8 31. Qe2 Rh3 32. f5 gxf5 33. exf5 e5 34. f6+ Kd8 35. g6 fxg6 36. Qg4 Rxc3 37. Rxc3 Ne4+ 38. Qxe4 Qxc3+ 39. Kxc3 Bxe4 40. Ne6+ Ke8 41. f7+ Kxf7 42. Ng5+ Kf6 43. Nxe4+ Ke6 44. Kd3 Kd5 45. Nc3+ Kc5 46. Ke4 a5 47. Nd5 a4 48. Nc3 a3 49. Kd3 g5 50. Na2 g4 51. Ke4 Kc4 52. Ke3 d5 53. Ke2 e4 54. Ke3 g3 55. Ke2 d4 0-1

[Event "Sables d'Olonne op 6th"]
[Site "Sables d'Olonne"]
[Date "2019.07.16"]
[Round "5"]
[White "Durand Le Ludec, Brendan Bubok"]
[Black "Neatherway, A Philip"]
[Result "1-0"]
[WhiteElo "2199"]
[BlackElo "1793"]
[PlyCount "49"]
[EventDate "2019.07.13"]
[EventType "swiss"]
[EventRounds "9"]
[EventCountry "FRA"]
[SourceTitle "EXT 2020"]
[Source "ChessBase"]
[SourceDate "2019.10.17"]
[SourceVersion "1"]
[SourceVersionDate "2019.10.17"]
[SourceQuality "1"]

1. d4 Nf6 2. c4 g6 3. Nc3 d5 4. cxd5 Nxd5 5. Bd2 Bg7 6. e4 Nb6 7. Be3 Na6 8. Bxa6 bxa6 9. Nge2 Bb7 10. 0-0 0-0 11. Qb3 Qd7 12. Rfd1 a5 13. a4 Rab8 14. Qa2 Rfd8 15. Rac1 h5 16. f3 Ba6 17. b3 Nc8 18. d5 Nb6 19. Nd4 Bxd4 20. Bxd4 e6 21. Qd2 Kh7 22. Qg5 exd5 23. Qf6 Rg8 24. exd5 Qf5 25. Ne4 1-0

[Event "Basingstoke 4NCL Spring Bank 2nd U2050"]
[Site "Basingstoke"]
[Date "2019.05.27"]
[Round "6"]
[White "Neatherway, A Philip"]
[Black "Buanne, Luca"]
[Result "0-1"]
[WhiteElo "1813"]
[BlackElo "1536"]
[PlyCount "66"]
[EventDate "2019.05.24"]
[EventType "swiss"]
[EventRounds "7"]
[EventCountry "ENG"]
[SourceTitle "EXT 2020"]
[Source "ChessBase"]
[SourceDate "2019.10.17"]
[SourceVersion "1"]
[SourceVersionDate "2019.10.17"]
[SourceQuality "1"]

1. Nf3 d5 2. b3 Nf6 3. Bb2 Bf5 4. e3 e6 5. Be2 Bd6 6. c4 c6 7. Nc3 Nbd7 8. Rc1 0-0 9. d4 h6 10. 0-0 a6 11. c5 Bc7 12. b4 Ne4 13. a4 Nxc3 14. Bxc3 Bg4 15. Ne5 Bxe2 16. Qxe2 Bxe5 17. dxe5 Qe7 18. Bd4 Rfb8 19. f4 f5 20. g4 g6 21. Kh1 Kh7 22. Rg1 Rg8 23. Rg3 Raf8 24. b5 axb5 25. axb5 Ra8 26. Rcg1 Nxc5 27. gxf5 gxf5 28. bxc6 bxc6 29. Rc1 Ne4 30. Rxg8 Rxg8 31. Rxc6 Qh4 32. Rc7+ Kh8 33. Rc1 Ng3+ 0-1

[Event "Basingstoke 4NCL Spring Bank 2nd U2050"]
[Site "Basingstoke"]
[Date "2019.05.24"]
[Round "1"]
[White "Neatherway, A Philip"]
[Black "Stock, Tobias W"]
[Result "1-0"]
[WhiteElo "1813"]
[BlackElo "1999"]
[PlyCount "127"]
[EventDate "2019.05.24"]
[EventType "swiss"]
[EventRounds "7"]
[EventCountry "ENG"]
[SourceTitle "EXT 2020"]
[Source "ChessBase"]
[SourceDate "2019.10.17"]
[SourceVersion "1"]
[SourceVersionDate "2019.10.17"]
[SourceQuality "1"]

1. e4 c5 2. Nf3 a6 3. c4 Nc6 4. d4 cxd4 5. Nxd4 e5 6. Nxc6 bxc6 7. Nc3 Bc5 8. Be2 Nf6 9. 0-0 0-0 10. Bg5 h6 11. Bh4 Qe7 12. Qc2 Bb7 13. Rad1 Rfd8 14. a3 a5 15. Na4 Bd4 16. Kh1 d5 17. exd5 cxd5 18. f4 g5 19. fxg5 Ne4 20. Bh5 Rf8 21. cxd5 Nxg5 22. Nc3 Rac8 23. Qf5 Bxc3 24. bxc3 Rxc3 25. d6 Qd8 26. Bxg5 Qxg5 27. Qxg5+ hxg5 28. Rxf7 Rb8 29. d7 Rd8 30. Re7 Bc6 31. Re8+ Rxe8 32. dxe8Q+ Bxe8 33. Bxe8 Rxa3 34. Kg1 Kf8 35. Bc6 Rc3 36. Bf3 a4 37. Ra1 a3 38. Kf2 Ke7 39. Ke2 Kd6 40. Kd2 Rb3 41. Bd1 Rb2+ 42. Bc2 e4 43. Rxa3 Ke5 44. Ra4 e3+ 45. Kc1 Rb8 46. Re4+ Kf6 47. Rxe3 Rd8 48. Bd3 Rd4 49. Kd2 Ra4 50. Ke2 Kg7 51. Re4 Ra3 52. h4 Ra2+ 53. Kf3 Ra3 54. Ke3 gxh4 55. Rxh4 Ra5 56. Kf4 Ra4+ 57. Be4 Ra1 58. Kg5 Ra5+ 59. Bf5 Ra3 60. g4 Ra6 61. Rh7+ Kf8 62. Rh6 Ra3 63. Kf6 Ke8 64. Rh8# 1-0

[Event "BCF-chT4S 1819 (4NCL)"]
[Site "England"]
[Date "2019.04.14"]
[Round "8.112"]
[White "Neatherway, A Philip"]
[Black "Eckert, Jonathan"]
[Result "1/2-1/2"]
[WhiteElo "1793"]
[BlackElo "1681"]
[PlyCount "93"]
[EventDate "2018.11.17"]
[EventType "team-swiss"]
[EventRounds "11"]
[EventCountry "ENG"]
[SourceTitle "EXT 2021"]
[Source "ChessBase"]
[SourceDate "2020.10.23"]
[SourceVersion "1"]
[SourceVersionDate "2020.10.23"]
[SourceQuality "1"]
[WhiteTeam "Oxford IV"]
[BlackTeam "West is Best IV"]
[WhiteTeamCountry "ENG"]
[BlackTeamCountry "ENG"]

1. e4 e5 2. Nf3 Nc6 3. Bb5 f5 4. Nc3 fxe4 5. Nxe4 d5 6. Nxe5 dxe4 7. Qh5+ g6 8. Nxg6 hxg6 9. Bxc6+ bxc6 10. Qxh8 Be6 11. 0-0 Qf6 12. Qxf6 Nxf6 13. d3 exd3 14. Bg5 Kf7 15. cxd3 Rd8 16. Rfd1 Rb8 17. b3 Rb5 18. Be3 a6 19. Rac1 Bd5 20. f3 Rb8 21. Kf2 Nd7 22. Bd4 Re8 23. Re1 Rxe1 24. Rxe1 Nc5 25. Bxc5 Bxc5+ 26. Kg3 Bd6+ 27. Kf2 c5 28. h4 Be7 29. g3 Bf6 30. Rh1 Bd4+ 31. Ke2 Be5 32. g4 Kg7 33. h5 Bf4 34. hxg6 Kxg6 35. Rh5 c6 36. Rf5 Bd6 37. Ke3 Be6 38. Rh5 Be7 39. Kf2 Bd6 40. Ke3 Be7 41. Re5 Kf6 42. Re4 Bd6 43. g5+ Kf5 44. g6 Be5 45. Rg4 Bd4+ 46. Ke2 Bg7 47. Ra4 1/2-1/2

[Event "BCF-chT4S 1819 (4NCL)"]
[Site "England"]
[Date "2018.11.18"]
[Round "2.204"]
[White "Coburn, Joseph A"]
[Black "Neatherway, A Philip"]
[Result "1/2-1/2"]
[WhiteElo "1776"]
[BlackElo "1793"]
[PlyCount "40"]
[EventDate "2018.11.17"]
[EventType "team-swiss"]
[EventRounds "11"]
[EventCountry "ENG"]
[SourceTitle "EXT 2021"]
[Source "ChessBase"]
[SourceDate "2020.10.23"]
[SourceVersion "1"]
[SourceVersionDate "2020.10.23"]
[SourceQuality "1"]
[WhiteTeam "Wessex III"]
[BlackTeam "Oxford IV"]
[WhiteTeamCountry "ENG"]
[BlackTeamCountry "ENG"]

1. d4 Nf6 2. c4 g6 3. Nc3 d5 4. e3 Bg7 5. Be2 0-0 6. Nf3 c5 7. 0-0 Nc6 8. dxc5 dxc4 9. Bxc4 Qa5 10. Bb5 a6 11. Bxc6 bxc6 12. Na4 Rd8 13. Bd2 Qc7 14. Nb6 Rb8 15. Qc1 Bg4 16. Bc3 Bxf3 17. gxf3 Nd5 18. Bxg7 Kxg7 19. Nxd5 Rxd5 20. e4 Rh5 1/2-1/2

[Event "Telford 4NCL op"]
[Site "Telford"]
[Date "2018.11.02"]
[Round "4"]
[White "Jukes, Sam"]
[Black "Neatherway, A Philip"]
[Result "1-0"]
[WhiteElo "1863"]
[BlackElo "1813"]
[PlyCount "87"]
[EventDate "2018.10.31"]
[EventType "swiss"]
[EventRounds "9"]
[EventCountry "ENG"]
[SourceTitle "EXT 2021"]
[Source "ChessBase"]
[SourceDate "2020.10.23"]
[SourceVersion "1"]
[SourceVersionDate "2020.10.23"]
[SourceQuality "1"]

1. e4 c5 2. Nf3 e6 3. d4 cxd4 4. c3 d5 5. exd5 exd5 6. cxd4 Nf6 7. Nc3 Be7 8. Bd3 Nc6 9. h3 0-0 10. 0-0 a6 11. Bf4 b5 12. Qd2 Bb7 13. Rfe1 Nb4 14. Bb1 Rc8 15. Bf5 Ra8 16. Re2 Re8 17. Ng5 g6 18. Nxf7 Kxf7 19. Be6+ Kg7 20. Bh6+ Kh8 21. Bf7 Rf8 22. Bxf8 Bxf8 23. Rae1 Kg7 24. Be6 Bc8 25. a3 Nc6 26. b4 Ra7 27. Bxc8 Qxc8 28. Qf4 Rf7 29. Re6 Ne4 30. Qg4 Rf5 31. R1xe4 dxe4 32. Qxe4 Nxb4 33. g4 Rf7 34. Qe5+ Kg8 35. Ne4 Qc1+ 36. Kg2 Qf4 37. Qxf4 Rxf4 38. axb4 Kf7 39. Ng5+ Kg8 40. Re8 Rf6 41. Ne6 Kf7 42. Rxf8+ Kxe6 43. Rxf6+ Kxf6 44. Kf3 1-0